000 00979nam0a2200289 4500
001 RU\NLR\b_ik\133223
005 20260406044935.0
010 _a5-9542-0046-7
_95000
035 _a(NLR Aleph) 002206555
090 _a3111582
_c3111582
100 _a20050823d2005 |||y0rusy50 ca
101 0 _aeng
102 _aRU
105 _ay |||||||||
200 1 _aThe catcher in the rye
_fJ.D. Salinger
210 _aMoscow
_cJupiter-inter
_d2005
215 _a229 с.
_d17
225 1 _aСерия "Классики в оригинале"
_iEnglish
541 0 _aНад пропастью во ржи
_zrus
606 1 _aАнглийский язык
_jУчебные издания
_9972309
_3RU\NLR\AUTH\6646032
686 4 _aШ6(7США)62-440.4{Лх1979-50}
686 4 _aШ143.21-93рус91
700 1 _4570
_8eng
_7ba
_aSalinger
_bJ. D.
_f1919-2010
_gJerome David
_3RU\NLR\AUTH\774718
_9114695
801 0 _aRU
_bNLR
_c20050823
_gPSBO
942 _cBOOK
980 _aNB